00511nam a22001457a 4500003000500000038001800005082000800023100001800031245013300049264003300182300002400215650002800239700004000267856005800307NUST aNusrat Nadeem a200 aJadoon, Ruqia aASSESSING THE SOCIAL AND ECONOMIC IMPACT OF STONE QUARRYING ON RURAL COMMUNITIES OF ABBOTTABAD DISTRICT, PAKISTAN/cRuqia Jadoon aIslamabad,bS3H NUST,c2023. aill:b66,p:c30,cm. aMS-Development Studies  aSupervisor: Dr. MUHAMMAD AMMAD KHAN u http://10.250.8.41:8080/xmlui/handle/123456789/40761